[Event "Canadian Zonal"]
[Site "Montreal"]
[Date "2017.06.28"]
[Round "4.1"]
[White "Sambuev, Bator"]
[Black "Noritsyn, Nikolay"]
[Result "0-1"]
[WhiteElo "2513"]
[BlackElo "2473"]
[Annotator "John Upper"]
[PlyCount "70"]
[EventDate "2017.06.27"]
[EventType "swiss"]
[EventRounds "9"]
[EventCountry "CAN"]
[SourceTitle "ChessCanada"]
[Source "CFC"]
[SourceDate "2020.02.14"]
[SourceVersion "1"]
[SourceVersionDate "2020.02.14"]
[SourceQuality "1"]

{[%mdl 32768]} 1. d4 e6 $5 {An interesting choice, given that Bator has years
of experience playing the French.} 2. e4 d5 3. Nd2 c5 4. Ngf3 Nc6 5. exd5 exd5
6. Bb5 Qe7+ $5 {"This check is equivalent to a tacit draw offer by 7.Qe2 Qxe2+
etc." - Keres, "Paul Keres: The Road to the Top".} (6... Bd6 7. dxc5 Bxc5 {
is the way Kortchnoi played this as Black, winning a few and almost never
losing, even against Karpov.}) 7. Be2 {[#]} Qc7 $1 ({Here's a classic game
where Keres turns positional pressure on the queenside into an attack on the K.
} 7... cxd4 8. O-O Qc7 9. Nb3 Bd6 $6 (9... Nf6 $142 10. Nbxd4 Be7 $14) 10.
Nbxd4 a6 11. b3 (11. c4 $1 dxc4 12. Bxc4 $32 {Keres}) 11... Nge7 12. Bb2 O-O
13. Nxc6 $1 {Helps Black defend d5, but White can target a6 and c6.} bxc6 14.
c4 Be6 15. Qc2 dxc4 16. Bxc4 Bxc4 17. Qxc4 $16 Rfb8 18. h3 Rb5 19. Rac1 Rc8 20.
Rfd1 Ng6 21. Nd4 Rb6 {[#]Analysis Diagram} 22. Ne6 $1 Qb8 $1 23. Ng5 $16 (23.
Nxg7 $5 Be5 $1 {with complications Keres could not fathom over the board, but
which Kasparov analyzes to a clear advantage for White.}) 23... Rb7 24. Qg4 Bf4
25. Rc4 Rb5 $2 26. Nxf7 $1 (26. Rxf4 $1 Nxf4 27. Nxf7 $8 $18) 26... Re8 $1 (
26... Kxf7 27. Rd7+ {#3}) 27. g3 Qc8 28. Rxf4 Qxg4 29. Rxg4 Kxf7 30. Rd7+ Re7
31. Rxe7+ Kxe7 32. Bxg7 $18 Ra5 33. a4 Rc5 34. Rb4 Ke6 35. Kg2 h5 36. Rc4 Rxc4
37. bxc4 Kd6 38. f4 {1-0, Keres,P-Capablanca,J Netherlands, 1938.}) ({To show
just how much chess has changed in the 60+ years, since the previous game,
player have discovered that Black can try this:} 7... g5 $5 {scoring a slight
Elo minus.} 8. h3 g4 9. hxg4 Bxg4 10. dxc5 O-O-O 11. Kf1 (11. Nb3 Bxf3 12. gxf3
Bg7 13. Qd3 Qf6 14. f4 Nge7 15. c3 d4 16. Bd2 dxc3 17. Qxc3 Qg6 18. Qh3+ Kb8
19. O-O-O Nd5 $11 {(½-½, 27) Psakhis,L (2555)-Weinzettl,E (2285) Hartberg,
1991.}) 11... Nf6 12. Nb3 Ne4 13. c3 (13. Nfd4 $14) 13... Re8 (13... h5 $132)
14. Nfd4 Bxe2+ 15. Qxe2 $14 {(1-0, 25) Howell,D (2657)-Firman,N (2458) Germany,
2014.}) 8. O-O Nf6 9. c4 $5 (9. dxc5 {and}) (9. Re1 {are more common.}) 9...
Be7 {[#] The center is at maximum tension and the main question is whether
exchanges bring the opponent's minors to more active or tactically vulnerable
squares.} 10. dxc5 (10. cxd5 Nxd5 11. dxc5 Bf5 $5 {angling for ...000!?}) 10...
O-O (10... dxc4 11. Nxc4 Bxc5 12. Be3 Bxe3 13. Nd6+ $13) 11. a3 (11. cxd5 Nxd5
12. Ne4 Nf4 13. Bxf4 Qxf4 14. Nd6 (14. Qa4 $5 $14) 14... Rd8 $11 (14... Be6 $5)
) 11... Rd8 12. b4 a5 13. Bb2 axb4 14. axb4 Rxa1 15. Qxa1 Nxb4 $11 16. Nb3 Bg4
17. cxd5 {[#]} Rxd5 $2 {This is hard to understand, especially since the more
natural move} (17... Nbxd5 $1 $11 {is perfectly OK. Possibly Black thought he
was already better, and activating the R was the way to prove it, or maybe he
just missed the strength of White's next.}) 18. Qa4 $1 {Attacking the two
minors along the 4th rank. This is a theme of a lot of the variations which
follow.} Qf4 $8 {Best.} (18... Nc6 $2 19. Bxf6 Bxf6 (19... Bxf3 20. Bxf3 Bxf6
21. Bxd5 $18) 20. Qxg4 $18 {wins the B.}) (18... Bxc5 19. Nxc5 Qxc5 20. Ba3
Bxf3 21. Bxf3 Rd4 22. Rb1 $18 {also wins a piece.}) (18... Rh5 {is the
trickiest line} 19. h3 $8 Bxf3 (19... Bxh3 20. Bxf6 {simplest.} Bg4 21. Bxe7
Bxf3 $2 22. Qe8#) 20. Bxf3 Rh4 21. Qa8+ Bf8 (21... Qd8 22. Qxb7 {the c-pawn is
a monster.}) 22. Bxf6 gxf6 23. Re1 Kg7 24. Re8 Bxc5 25. Nxc5 Qxc5 26. Rg8+ Kh6
27. Rg3 $1 {and there's no good defence to Qg8.}) {[#]} 19. Qa8+ $2 (19. Re1 $8
{This quiet move is the only one that gives White big advantage, but it is
really hard to choose when there are so many possible tactics.} Nd3 $1 (19...
Bxc5 20. Nxc5 Rxc5 {the B and R guard c8, so Qa8+ isn't mate.} 21. Rd1 $1 {
With an obvious threat, but hard to see when considering Rf1-e1.} Rc8 22. Rd4
$18 {with a fork on the 4th.}) 20. Qxf4 Nxf4 21. Bc4 $1 {double-attack on d5
and e7.} Bxf3 (21... Rd7 22. Bb5 Rc7 23. Be5 $18) 22. Bxd5 $1 Bxd5 23. Rxe7
Bxb3 24. Rxb7 {threatening mate and the B.} Ba4 25. Rb4 $18 {again, winning
the loose piece on the 4th rank.}) 19... Rd8 20. Qxb7 Qe4 $1 21. Qxe4 Nxe4 22.
Bd4 Be6 {[#]} 23. Rb1 (23. Na5 $11) 23... Nc6 24. Bb5 (24. Be3 $4 Nc3 $19)
24... Nxd4 25. Nbxd4 (25. Nfxd4 $4 Nc3 $19) 25... Nc3 26. Rc1 (26. Rb2 $142 $1
Bxc5 27. Nxe6 Rd1+ 28. Bf1 fxe6 29. g3 $11) 26... Nxb5 27. Nxb5 Bxc5 $15 {
[#]Two Bs vs two Ns, but all the pawns are on the same side, so White should
be able to hold... after surviving some torture.} 28. Ng5 Bc8 29. h4 Bf8 30.
Nc3 h6 31. Nf3 Bb7 32. Rd1 Rc8 33. Nd5 Rc4 34. Kh2 Bd6+ {[#]} 35. Kg1 $4 (35.
Kh1 $8 Bxd5 (35... Bc5 $1 36. Kg1 Rg4 $1 $15) 36. Rxd5 Rc1+ 37. Ng1 $11 {
is the point of keeping g1 free.}) 35... Bxd5 {Threre's a back-rank mate, so
White loses a whole N.} 0-1

[Event "Canadian Zonal"]
[Site "Montreal"]
[Date "2017.06.28"]
[Round "4"]
[White "Oussedik, Elias"]
[Black "Hambleton, Aman"]
[Result "0-1"]
[WhiteElo "2163"]
[BlackElo "2471"]
[Annotator "John Upper"]
[PlyCount "68"]
[EventDate "2017.06.27"]
[EventType "swiss"]
[EventRounds "9"]
[EventCountry "CAN"]
[SourceTitle "ChessCanada"]
[Source "CFC"]
[SourceDate "2020.02.14"]
[SourceVersion "1"]
[SourceVersionDate "2020.02.14"]
[SourceQuality "1"]

{[%mdl 32768]} 1. d4 e6 2. c4 Nf6 3. Nf3 b6 4. g3 Bb7 5. Bg2 g6 6. O-O Bg7 7.
Re1 O-O {[#]} 8. Ne5 {A Novelty.} (8. Bf4 $5) 8... Bxg2 9. Kxg2 d5 10. Qc2 c5
11. dxc5 bxc5 12. Nd2 Qb6 13. Ndf3 Nfd7 14. Nxd7 Nxd7 15. cxd5 exd5 16. Rd1 Qb7
17. Bf4 Rfe8 18. Rac1 Rac8 19. b3 h6 20. Qd3 $6 g5 21. Bd2 {[#]} d4 (21... Re4
$1 {supports ...c4, blocks the Q, and sets up long diagonal tactics with ...g4
and ...d4; e.g.} 22. Bc3 $2 d4 23. Ba1 g4 $19) 22. Kg1 Rc6 23. h3 Rce6 24. Re1
Qd5 25. b4 cxb4 26. Bxb4 h5 27. Qc4 Qxc4 28. Rxc4 g4 29. hxg4 hxg4 {[#]
Critical Position White has played cautiously but carefully enough to reach an
endgame with material equallity but where his pieces are a little
uncoordinated.  Can White now play Nxd4?} 30. Nxd4 $1 {[%mdl 64] Yes, but the
tactics are very tricky.} (30. Nh2 $2 Rxe2 31. Rxe2 Rxe2 32. Nxg4 d3 $17) 30...
Re4 $1 {Pinning the Nd4 to the R is the only move to pose any difficulties for
White.} 31. e3 $8 {Defending the N but weakening f3.} (31. Rd1 $2 Nb6 $1 $19
32. f3 $5 {the trickiest} gxf3 $8 33. exf3 Nxc4 34. fxe4 Rd8 $8 {Incredibly,
White can't escape the d-file pin for less than an exchange!} 35. Bc5 (35. Bc3
Na3 $1 {and N goes to c2 or b5.}) 35... Rd7 {defending a7 and threatening ...
Nb2-a4 to remove the B guarding the Nd4.} (35... Nb6 {also works by
threatening ...Na4 and ...Rd7.}) 36. Kf2 (36. Rc1 Bxd4+ {with check!} 37. Bxd4
Rxd4 {and the R defends the N.}) 36... Nb2 37. Rd2 Na4 38. Bxa7 Rxa7 $19) 31...
Ne5 {[#] Hitting the R and setting up forks on f3 and d3.} 32. Rcc1 $4 (32. Rc7
$2 Nd3 $1 33. Rb1 Bxd4 $1 34. exd4 Rb8 35. a3 a5 36. Rd1 axb4 $8 37. Rxd3 Re1+
$1 {controlling the promotion rank with tempo} 38. Kg2 b3 $19) (32. Rc3 $2 Nf3+
$1 33. Nxf3 Rxb4 {and White is hanging on c3 and f3, and} 34. Nd4 {fails to
either capture on d4, exploiting the pin on the e-file.}) (32. Rc2 $8 Rxd4 (
32... Nd3 33. Rb1 $8 Rb8 34. a3 $8 Bxd4 (34... a5 $2 35. Nc6 $14) 35. exd4 a5
36. Rd1 $8 $11) 33. exd4 Nf3+ 34. Kf1 Nxe1 35. Bxe1 Bxd4 $11) 32... Nd3 {
Wins a whole piece.} 33. Bc3 Nxe1 34. Bxe1 (34. Rxe1 Bxd4 35. Bxd4 Rxd4 $19 {
is the same winning tactic as the game.}) 34... Bxd4 0-1

[Event "Canadian Zonal"]
[Site "Montreal"]
[Date "2017.06.28"]
[Round "4"]
[White "Kleinman, Michael"]
[Black "Sohal, Tanraj"]
[Result "0-1"]
[WhiteElo "2366"]
[BlackElo "2319"]
[Annotator "John Upper"]
[PlyCount "111"]
[EventDate "2017.06.27"]
[EventType "swiss"]
[EventRounds "9"]
[EventCountry "CAN"]
[SourceTitle "ChessCanada"]
[Source "CFC"]
[SourceDate "2020.02.14"]
[SourceVersion "1"]
[SourceVersionDate "2020.02.14"]
[SourceQuality "1"]

{[%mdl 32768]} 1. e4 c5 2. Nf3 e6 3. b3 Nc6 4. Bb2 a6 5. c4 d6 6. d4 cxd4 7.
Nxd4 Qc7 8. Be2 Nf6 9. Nc3 Be7 10. Rc1 O-O 11. O-O Ne5 12. f4 Ng6 13. Kh1 Re8
14. Qd2 {[#] By an unsual move-order (3.b3) the players have reached a
hedgehog middlegame with the Ng6 unusually placed: inviting f4-f5 but also
supporting ...e5. The notes to the next five moves are dense, but they do
reflect the tactical and strategic complexity of these middlegames.} e5 15.
fxe5 $6 (15. Nf5 $1 Bxf5 (15... Nxf4 $2 16. Rxf4 $3 exf4 17. Nd5 (17. Nxg7 $1)
17... Nxd5 18. cxd5 Qd8 19. Nxg7 $18) 16. exf5 Nxf4 17. Bf3 {g2-g3 threatens
to trap the N, so Black has to break.} d5 $1 18. cxd5 (18. g3 $2 e4 $1 $13 19.
Rcd1) 18... Qa5 19. Rfd1 {unpinning the Nc3 and threatening both g3 and d6.} (
19. g3 N4xd5 20. Bxd5 Rad8 $13)) 15... dxe5 16. Nf5 Bb4 $6 {[%mdl 64] pinning
the N and threatening ...Nxe4. White has several decent moves here;
surprisingly, two of them are sacrifices.} (16... Bxf5 {Giving up the Bs to
chop the dangerous Nf5.} 17. Nd5 $3 Nxd5 (17... Qd8 18. Rxf5 $16) 18. cxd5 Qd7
19. Rxf5 {with the Bs, passed pawn, and better structure.}) {[#]} 17. Qe3 $6 (
17. Nd5 {is a move both sides have to calculate every turn.} Bxd2 (17... Nxd5
18. cxd5 $8 Qa5 19. Bc3 $11) 18. Nxc7 Bxc1 19. Bxc1 Nxe4 $1 (19... Be6 20. Nd6
$16) 20. Nh6+ $1 (20. Nxg7 Rd8 21. Nxa8 Kxg7 22. Nc7 $11) (20. Nxa8 Bxf5 21.
Rxf5 Rxa8 $17) 20... gxh6 21. Nxe8 $14) ({A N on f5 is always a threat to
sacrifice, and here there are two ways to try it:} 17. Nh6+ $5 Kh8 $1 (17...
gxh6 $2 18. Rxf6 $16) (17... Kf8 $2 18. Qg5 $16) 18. Qe3 Bxc3 (18... Bc5 19.
Qf3 $16) (18... Qc5) 19. Bxc3 Be6 20. Rxf6 $5 gxf6 21. Rf1 Qe7 22. h4 $36) ({
SF10 initially rates} 17. Nxg7 $5 {as winning, but changes its eval after 23
ply:} Kxg7 (17... Nxe4 $4 18. Nxe8 $18) 18. Rxf6 Bxc3 $8 (18... Kxf6 19. Nd5+
$18) 19. Bxc3 Kxf6 20. Qh6 $8 Qb6 $1 $15 {stopping Bb4. White is down a R for
a pawn, but Stockfish rates this as only a little bit better for Black.} (20...
Ke7 $4 21. Bb4+ $18)) 17... Bxf5 18. exf5 (18. Rxf5 $5 {is reasonable too.})
18... Bc5 $2 {[%mdl 64] [#]Critical Position} (18... Nf4 $1 $15) 19. Qg3 $2 (
19. Nd5 $3 {is very strong here, but after the forced sequence} Nxd5 (19... Qc6
$2 20. Nxf6+ gxf6 21. Qg3 $18 {White will be up a piece.}) 20. cxd5 {the
alternatives become difficult to calculate:} Bxe3 (20... b6 $2 21. fxg6) (20...
Rac8 21. Rxc5 (21. Qg3 $1 {is even better.}) 21... Qxc5 22. Qxc5 Rxc5 23. fxg6
$18 {and Black can't execute the fork on c2 because of the one on f7.}) 21.
Rxc7 Nf4 $8 22. Bc4 $1 (22. Bf3 e4 $15) (22. Rf3 Nxe2 23. Rxe3 Nf4 $11) 22...
b5 $1 23. g3 $8 Nh5 (23... bxc4 $2 24. gxf4 {and no matter what Black plays,
White's pawns are much more dangerous.}) 24. Be2 $16) 19... Nf4 20. Rfe1 $2 (
20. Bf3 $142) 20... Rad8 $1 $17 21. Rc2 $2 (21. Bf1 $17) 21... Qd7 $1 {[#]
Hitting f5 and dominating the only open file.} 22. Nd5 Ne4 $1 $19 {Black's N's
jump all over White.} (22... Qxf5 $1 23. Nxf6+ Qxf6 $19) 23. Qf3 Nf2+ 24. Kg1
N2d3+ 25. Kf1 Nxe1 26. Kxe1 Qxf5 $18 27. Rc1 Qg5 28. Kf1 Nxd5 29. cxd5 Bd4 30.
h4 Qxh4 31. Bxd4 exd4 32. Rc7 Re7 33. d6 Rxc7 34. dxc7 Rc8 35. Qxb7 Qf4+ 36.
Kg1 Qxc7 37. Qxa6 Qc1+ 38. Kh2 Qf4+ 39. g3 Qh6+ 40. Qxh6 gxh6 41. Kg2 Rc2 42.
Kf3 Rxa2 43. Bc4 Kf8 44. g4 Ke7 45. Ke4 Rd2 46. b4 Kd6 47. Bxf7 Rb2 48. Kxd4
Rxb4+ 49. Bc4 Ra4 50. Kc3 Ke5 51. Be2 Rd4 52. Kc2 Kf4 53. Kc1 Kg3 54. Kc2 Rxg4
55. Bxg4 Kxg4 56. Kd2 0-1

[Event "Canadian Zonal"]
[Site "Montreal"]
[Date "2017.07.01"]
[Round "9"]
[White "Oussedik, Elias"]
[Black "Itkin, David"]
[Result "0-1"]
[WhiteElo "2163"]
[BlackElo "2181"]
[Annotator "John Upper"]
[PlyCount "76"]
[EventDate "2017.06.27"]
[EventType "swiss"]
[EventRounds "9"]
[EventCountry "CAN"]
[SourceTitle "ChessCanada"]
[Source "CFC"]
[SourceDate "2020.02.14"]
[SourceVersion "1"]
[SourceVersionDate "2020.02.14"]
[SourceQuality "1"]

{[%mdl 32768]} 1. d4 Nf6 2. c4 g6 3. Nc3 Bg7 4. e4 d6 5. h3 O-O 6. Bg5 c5 7. d5
e6 8. Nf3 exd5 9. cxd5 Re8 10. Bd3 c4 11. Bc2 b5 12. a3 Nbd7 13. O-O h6 14. Be3
Ne5 15. Nxe5 Rxe5 16. Re1 (16. f4 $16) 16... Re8 17. Bd4 a6 18. e5 (18. f4 $1)
18... dxe5 $11 19. Bxe5 Bb7 20. Qd4 {[#]} Rxe5 $3 $13 {Nice! Even without the
center pawns, Benoni dark-square play is worth a lot.} 21. Qxe5 Nxd5 22. Qg3
Nxc3 23. bxc3 Qd2 24. Rac1 Rc8 $1 {[#] Preventing Qc7. Not just a good move,
but good judgment: Black played a positional exchange sac, and his comp won't
go away if he plays slowly.} 25. Bb1 $13 {Since Bxg6 is a key tactic, it makes
sense to look for ways to economize on B moves; e.g.} (25. h4 $5 Qxc3 26. Qxc3
Bxc3 27. Bf5 $1 gxf5 $1 (27... Bxe1 28. Bxc8 Bxf2+ 29. Kxf2 Bxc8 30. Rd1 $13)
28. Rxc3 Bd5 $15 {feels like a two-result game, but harder to win than draw
without the B pair.}) 25... Qb2 26. h4 h5 {[%mdl 64] [#]Critical Position A
reluctant Benoni has turned into a positionally and materially unbalanced mess:
Black is collecting on the queenside, but White has serious threats on the
kingside.} 27. Qg5 {Defending the Rc1 and preparing Re7.} (27. Bxg6 $5 fxg6 28.
Qxg6 Rf8 {threatening f2.} 29. Rc2 $8 Qxa3 $8 $13 {preventing Re7, with an
exciting mess. For instance, White's most obvious try} 30. Rce2 $2 {actually
loses to} Qc5 $1 {attacking f2 and going to f5 to save the K.} 31. Re7 Qxf2+ $8
32. Kh2 Qxh4+ 33. Kg1 Qf2+ 34. Kh2 Qxg2+ $1 $19 {forcing off the Qs for a
winning endgame.} (34... Qh4+ {draws, or gains time on the increment.})) 27...
Qxa3 $2 (27... Rf8 $1 {indirectly guards against Bxg6 since ...fxg6 will
create a double attack on f2.}) 28. Re7 $4 {Wins against every defence....} (
28. Bxg6 $1 fxg6 29. Re7 $18 Ba8 (29... Qd6 30. Rxb7 $18) (29... Bc6 30. Rce1
$8 Qxc3 31. Qxg6 $18) (29... Bh6 {doesn't work here because with the f7 pawn
gone} 30. Qxg6+ {is possible and winning.}) 30. Rce1 $18 (30. Rd1 $18)) {
... except one:} 28... Bh6 $8 $19 {Not just the only move to win, but the only
move that doesn't lose. The Q can't protect both Rs.} 29. Qxh6 (29. Qg3 $4 {
is much worse} Qxc1+ 30. Kh2 Bf4 $19) 29... Qxe7 30. Kf1 Re8 {[#] Threatening .
..Qxh4 winning a pawn with mate on h1.} 31. Kg1 (31. Bxg6 fxg6 32. Qxg6+ Kf8
33. Qh6+ Qg7 $19) 31... Qe6 {The price to sac on g6 just went up.} (31... Qxh4
$4 32. Bxg6 $11) 32. Qf4 Qe5 33. Qh6 Qd5 34. f3 Re2 35. Kf1 Qd2 36. Qxd2 Rxd2
37. Bc2 Kf8 38. Ke1 Rxg2 0-1

[Event "Canadian Zonal"]
[Site "Montreal"]
[Date "2017.07.01"]
[Round "9"]
[White "Hambleton, Aman"]
[Black "Sambuev, Bator"]
[Result "0-1"]
[WhiteElo "2471"]
[BlackElo "2513"]
[Annotator "John Upper"]
[PlyCount "102"]
[EventDate "2017.06.27"]
[EventType "swiss"]
[EventRounds "9"]
[EventCountry "CAN"]
[SourceTitle "ChessCanada"]
[Source "CFC"]
[SourceDate "2020.02.14"]
[SourceVersion "1"]
[SourceVersionDate "2020.02.14"]
[SourceQuality "1"]

{[%mdl 32768]} 1. d4 Nf6 2. Nf3 e6 3. Bf4 b6 4. e3 Bb7 5. Bd3 {[#] Aman has
been playing the London System a lot online, and may also have chosen this
super-solid setup as a way to provoke Black, who had to win this game to tie
for first.} d6 {A good move: blocking the Bf4 and fighting for e5. Both ...Be7
and ...c5 are more common.} 6. O-O h6 $146 {Preparing to chase the Bf4 without
allowing Bg5.} 7. Nbd2 (7. h3 g5 8. Bh2 g4 $5 {If this works I could write
that Black has shown the folly of h2-h3. And if it doesn't work, I could write
about the folly of attacking when behind in development. In either case,
quoting Chernev's Logical Chess: Move by Move.}) 7... Nh5 8. Be4 $5 {More
provocation!?} c6 (8... d5 9. Bd3 {would put Black up a tempo in a more usual
London System formation, but with much more work to do to stir up imbalances
and winning chances.}) 9. Bd3 g5 10. Bg3 Nd7 11. e4 Nxg3 12. hxg3 h5 $5 {
[#]Black provokes back?  This is actually Stockfish's top choice. Being
provocative is a bonus.} 13. d5 $4 {... and it works! (Did White just overlook
Black's 16th move? Or was he provoked into overlooking it?)} (13. Re1 $142)
13... cxd5 14. exd5 Bxd5 15. Be4 Bxe4 (15... Nf6 $2 16. Bxd5 Nxd5 17. Ne4 g4
18. c4 $14) 16. Nxe4 {With a double attack on d6 and g5...} g4 $8 {... which
White has no time to execute.} 17. Nd4 (17. Nxd6+ $2 Bxd6 18. Qxd6 gxf3 $19 {
is obviously hopeless.}) 17... d5 18. Nc3 Bg7 {[#] White has more development,
but Black has an extra pawn and more control in the center and a safe K.
Black's central pawns resemble a French, which both Bator and Aman played for
years as their main defence to 1.e4.} 19. Re1 Ne5 20. Nce2 h4 21. Nf4 hxg3 22.
fxg3 Qd6 {[#]} 23. c3 (23. c4 {is White's only pawn break, and it gives Black
chances to blunder, but not if he's careful:} dxc4 $4 (23... Nxc4 $2 24. Nfxe6
Be5 $8) (23... Qc5 $1 $19) (23... O-O-O $19) 24. Ndxe6 $18 Qxd1 25. Nxg7+ Kf8
26. Raxd1 Kxg7 27. Rxe5 $18) 23... Rc8 (23... O-O-O $1) (23... O-O {is not so
good, because it allows} 24. Nh5 $13 {the N on the rim to grin.}) 24. Qe2 Rc4
25. Rad1 Qc5 $2 (25... Kf8 $142 $1 {a safety-first move the computers rate as
best, though it does seem to leave the Rh8 condemned to very long-term
defensive duties.}) (25... O-O $2 26. Nh5 $13) 26. Qf2 b5 $2 {[%mdl 64] [#]
This is the right plan -- a minority attack to pry open the c-file and
undermine the Nd4 -- but the wrong time. With Black's K in the center with two
half-open files there are dangerous tactics and the Q and b5-pawn will be
targets.  Interestingly, if White had an e5-pawn, and Black's N was on c6 then
the Black K would be safer than it is in the game, and the minority attack
would be a good continuation.} (26... Qd6 $142 {keeps an eye on all the
sensitive center squares.}) 27. a3 $2 {White misses his chance.} (27. Re3 $3 {
breaks the pin to the Q on f2 and so threatens to take twice on e6.} Rh6 $1 {
defends e6.} (27... b4 $4 28. Ndxe6 fxe6 29. Nxe6 Qe7 30. Nxg7+ Qxg7 31. Rxd5
$18) (27... Ke7 28. Qe2 $1 {and White has winning tactics on the d- and
e-files.}) 28. Qe2 {doubling up on the Ne5.} Nc6 (28... Qc7 {gives the b-pawn
instead of the d-pawn.} 29. Nxb5 $13) (28... Ng6 29. Nfxe6 $18) (28... Qd6 29.
Nxb5 Qb8 30. b3 $13) 29. Nb3 $1 {and takes on d5.} (29. Nf5 $5 $13 Re4 30. Nd6+
$1 $13)) 27... Rh6 $1 (27... O-O $2 28. Nh5 $1 Ng6 29. Nxg7 Kxg7 30. Rxe6 $1
$16) 28. Re3 a6 {Black's last two moves have nullified the tactics in the
previous note.} 29. Rd2 Qf8 $1 {Heading for the only open file.} 30. Qe2 Qh8
31. Kf2 Rh1 {[#]} 32. Ndxe6 {White goes for broke.} (32. Rd1 {Is the computer
suggestion, accepting that there will be no killer central breakthrough, and
hoping to suvive a worse position a pawn down.} Rxd1 33. Qxd1 Bh6 (33... Kd7 $1
) 34. Qe2 Bxf4 35. gxf4 Qh4+ 36. g3 (36. Kg1 $2 g3 $8 $19) 36... Qh2+ 37. Kf1
Qxe2+ 38. Kxe2 Nc6 $17 (38... Nd7 $17)) 32... fxe6 33. Nxe6 Kf7 $1 {steps away
so there is no R takes with check.} (33... Kd7 {also wins} 34. Nxg7 Qf8+ $1 $19
) 34. Nd4 (34. Ng5+ Kg6 $19 {threatens the N and ...Qf8+.}) (34. Nxg7 {does
not win material, since} Qxg7 35. Rxe5 Qf6+ $8 $19 {wins the R and forces mate
sooner rather than later.}) 34... Qh2 (34... Qh6 $142 $1 {threatens ...Qf6+
when White has to throw away some pieces to clear an escape for the K.}) 35.
Rd1 Rxd1 $8 36. Qxd1 Qh5 37. Ne2 Ng6 38. Rd3 {[#]} d4 $5 39. cxd4 Bf8 40. Nc3
Rc6 41. Re3 Rf6+ 42. Kg1 Kg7 43. Re4 Bd6 44. Qxg4 Qxg4 45. Rxg4 Rf5 46. Ne4 Bb8
47. Nd2 Kf6 48. Nf3 Rh5 49. a4 (49. Nh4 Rg5 $19) 49... Kf5 50. Nh2 Rxh2 $1 51.
Rxg6 Kxg6 0-1